[Event "Andorra op"]
[Site "Andorra"]
[Date "2001.07.08"]
[Round "9"]
[White "Hernandez, Gilberto"]
[Black "Campos Moreno, Javier B"]
[Result "1/2-1/2"]
[WhiteElo "2567"]
[BlackElo "2513"]
[PlyCount "79"]
[EventDate "2001.06.30"]
[Source "ChessBase"]
[SourceDate "2001.09.11"]

1. e4 c5 2. Nf3 Nc6 3. d4 cxd4 4. Nxd4 Nf6 5. Nc3 d6 6. Bc4 Bd7 7. Bb3 g6 8. h3 Qa5 9. O-O Bg7 10. Be3 O-O 11. Re1 Rfe8 12. Qe2 Nxd4 13. Bxd4 Bc6 14. Rad1 Qh5 15. Qd3 Nd7 16. Qc4 g5 17. Nd5 Bxd5 18. Qxd5 Bxd4 19. Rxd4 Ne5 20. Qxb7 g4 21. Re3 gxh3 22. Rxh3 Qe2 23. Re3 Qh5 24. Qa6 Kh8 25. Qe2 Qg5 26. Rg3 Qf6 27. c3 Rg8 28. Rxg8+ Rxg8 29. Bd1 Rg5 30. Qd2 Rg8 31. Ra4 Nf3+ 32. Bxf3 Qxf3 33. g3 f6 34. Qd5 Rg5 35. Qa8+ Kg7 36. Qxa7 Rh5 37. Qxe7+ Kg6 38. Qe8+ Kh6 39. Qf8+ Kg6 40. Qg8+ 1/2-1/2

[Event "Cannes Open"]
[Site "Cannes FRA"]
[Date "1989.??.??"]
[Round "?"]
[White "Hector, Jonny"]
[Black "Wilder, Michael J"]
[Result "1/2-1/2"]
[WhiteElo "2485"]
[BlackElo "2540"]
[PlyCount "76"]
[EventDate "1989.02.??"]
[Source "www.chesslib.no"]
[SourceDate "2004.05.04"]

1. e4 c5 2. Ne2 Nc6 3. Nbc3 g6 4. d4 cxd4 5. Nxd4 Bg7 6. Be3 Nf6 7. Bc4 O-O 8. Bb3 Qa5 9. O-O d6 10. h3 Bd7 11. f4 Rac8 12. Qf3 Nxd4 13. Bxd4 Bc6 14. Rad1 b5 15. Qe3 b4 16. e5 Ne8 17. Ne4 Bxe4 18. Qxe4 e6 19. c3 dxe5 20. fxe5 Nc7 21. Qb7 bxc3 22. Bxc3 Qb6+ 23. Qxb6 axb6 24. Rd7 Na6 25. Rfxf7 Rxf7 26. Bxe6 Rcf8 27. b4 Nb8 28. Rc7 b5 29. a3 Bh6 30. Bd4 Bf4 31. Bd5 Bg3 32. Rb7 Nc6 33. Bc5 Nd8 34. Rxb5 Re8 35. Bxf7+ Nxf7 36. a4 Nxe5 37. Bf2 Bxf2+ 38. Kxf2 Nd3+ 1/2-1/2

[Event "Oberliga Ost-B 0102"]
[Site "?"]
[Date "2001.11.11"]
[Round "3.1"]
[White "Galdunts Sergey"]
[Black "Ginsburg Gennadij"]
[Result "1-0"]
[WhiteElo "2514"]
[BlackElo "2493"]
[PlyCount "65"]
[EventDate "2001.??.??"]
[Source "www.chesslib.no"]
[SourceDate "2004.05.04"]

1. e4 c5 2. Nc3 Nc6 3. Nge2 g6 4. d4 cxd4 5. Nxd4 Bg7 6. Be3 Nf6 7. Bc4 O-O 8. Bb3 Ng4 9. Qxg4 Nxd4 10. Qd1 Nxb3 11. axb3 a5 12. O-O d6 13. Qd3 Bd7 14. Nd5 Ra6 15. Bd4 Bc6 16. Bxg7 Kxg7 17. Rfd1 Bxd5 18. exd5 e5 19. dxe6 fxe6 20. Qe3 Qf6 21. c3 Qf4 22. Qe2 d5 23. Ra4 Qc7 24. h4 Rf4 25. Rxf4 Qxf4 26. Rd4 Qd6 27. c4 Rb6 28. Qe3 a4 29. bxa4 Rxb2 30. g3 Rb4 31. c5 Qxc5 32. Qe5+ Kf7 33. Qf4+ 1-0

[Event "Gausdal"]
[Site "?"]
[Date "1988.??.??"]
[Round "?"]
[White "Jansa, V."]
[Black "Watson, W."]
[Result "1-0"]
[WhiteElo "2465"]
[BlackElo "2535"]
[PlyCount "59"]
[EventDate "1988.??.??"]
[Source "ChessBase"]
[SourceDate "1988.01.01"]

1. e4 c5 2. Nf3 d6 3. d4 cxd4 4. Nxd4 Nf6 5. Nc3 g6 6. Bc4 Bg7 7. h3 O-O 8. O-O Nc6 9. Be3 Bd7 10. Bb3 Rc8 11. Re1 Re8 12. Qd2 Qa5 13. Nf3 a6 14. Rad1 b5 15. Bh6 Bh8 16. Ng5 Ne5 17. f4 Nc4 18. e5 Nh5 19. Qf2 Ng7 20. g4 b4 21. Nd5 Ne6 22. f5 Nxg5 23. Bxg5 Nxe5 24. Nxe7+ Rxe7 25. Bxe7 Bc6 26. Re3 Qb6 27. Bxd6 Bf3 28. Bxe5 Bxd1 29. Bxh8 Kxh8 30. Re8+ 1-0

[Event "Pamplona op.-1998"]
[Site "Pamplona"]
[Date "1999.??.??"]
[Round "8"]
[White "David, A."]
[Black "Pogorelov, R."]
[Result "1/2-1/2"]
[WhiteElo "2520"]
[BlackElo "2450"]
[PlyCount "41"]
[EventDate "1999.??.??"]
[Source "www.chesslib.no"]
[SourceDate "2004.05.04"]

1. e4 c5 2. Nc3 Nc6 3. Nge2 g6 4. d4 cxd4 5. Nxd4 Bg7 6. Be3 Nf6 7. Bc4 O-O 8. Bb3 Qc7 9. f3 a6 10. Qd2 b5 11. O-O-O Bb7 12. h4 Rac8 13. h5 Na5 14. hxg6 Nxb3+ 15. Nxb3 fxg6 16. Nc5 Bc6 17. Ne2 a5 18. Bd4 e5 19. Bc3 Rf7 20. Kb1 Bf8 21. Nd3 1/2-1/2

[Event "London Peace"]
[Site "London ENG"]
[Date "1987.??.??"]
[Round "?"]
[White "Hodgson, Julian M"]
[Black "Rechlis, Gad"]
[Result "1/2-1/2"]
[WhiteElo "2520"]
[BlackElo "2445"]
[PlyCount "40"]
[EventDate "1987.09.??"]
[Source "www.chesslib.no"]
[SourceDate "2004.05.04"]

1. e4 c5 2. Nc3 g6 3. Nge2 Bg7 4. d4 cxd4 5. Nxd4 Nc6 6. Be3 Nf6 7. Bc4 O-O 8. Bb3 a5 9. Nxc6 bxc6 10. e5 Ne8 11. f4 d6 12. O-O Qc7 13. exd6 Nxd6 14. Bd4 Bxd4+ 15. Qxd4 c5 16. Qf2 c4 17. Ba4 Be6 18. Rfe1 Rab8 19. Rab1 Rfd8 20. Re5 Nf5 1/2-1/2

[Event "FRA-chT"]
[Site "?"]
[Date "1996.??.??"]
[Round "?"]
[White "Mitkov Nikola"]
[Black "Georgiev Vladimir"]
[Result "1-0"]
[WhiteElo "2475"]
[BlackElo "2435"]
[PlyCount "138"]
[EventDate "1996.??.??"]
[Source "www.chesslib.no"]
[SourceDate "2004.05.04"]

1. e4 c5 2. Nc3 Nc6 3. Nge2 g6 4. d4 cxd4 5. Nxd4 Bg7 6. Be3 Nf6 7. Bc4 Qa5 8. O-O O-O 9. Bb3 d6 10. h3 Bd7 11. Re1 Rac8 12. Qe2 Nh5 13. Rad1 Nf4 14. Qb5 Qc7 15. Qf1 Nxd4 16. Bxd4 Bxd4 17. Rxd4 Qc5 18. Rdd1 Qg5 19. Kh1 Rc5 20. Nd5 Rfc8 21. Re3 Bb5 22. Qg1 Ne2 23. Qh2 e6 24. h4 Qd8 25. Nf4 Nxf4 26. Qxf4 Re5 27. c4 Bc6 28. c5 Rh5 29. Kg1 Qxh4 30. Qxh4 Rxh4 31. Rxd6 Kf8 32. f3 Be8 33. Rc3 Rh5 34. Kf2 Ke7 35. Rd1 Rhxc5 36. Rxc5 Rxc5 37. Ke3 h5 38. Kd4 b6 39. Rd2 Bb5 40. Rd1 Rg5 41. Rg1 h4 42. Ke3 Kf6 43. Kf2 Rc5 44. a3 a5 45. a4 Bc4 46. Bc2 Ba2 47. Bd3 Bb3 48. Ra1 Ke5 49. Ra3 Bc4 50. Bb1 Kf4 51. Re3 Ba6 52. Re1 Bc4 53. Rh1 g5 54. Rd1 Bb3 55. Rd7 f6 56. Rd6 Bc2 57. Ba2 Bxa4 58. Rd2 Rc2 59. Rxc2 Bxc2 60. Bxe6 Bd3 61. Bd7 b5 62. Bc6 b4 63. Bd7 Bc4 64. Ba4 Be6 65. Bc2 Bd7 66. Bb3 a4 67. Bd5 Bb5 68. Be6 Bd3 69. Bd5 Bb1 1-0

[Event "ch-ISL"]
[Site "Reykjavik ISL"]
[Date "2007.08.06"]
[Round "9"]
[White "Thorhallsson, T."]
[Black "Gunnarsson, J."]
[Result "1/2-1/2"]
[WhiteElo "2461"]
[BlackElo "2427"]
[PlyCount "38"]
[EventDate "2007.08.28"]
[Source "www.chesslib.no"]
[SourceDate "2004.05.04"]

1. e4 c5 2. Nf3 d6 3. d4 cxd4 4. Nxd4 Nf6 5. Nc3 Nc6 6. Bc4 Bd7 7. O-O g6 8. Be3 Bg7 9. h3 O-O 10. Bb3 Qa5 11. f4 Nxd4 12. Bxd4 Bc6 13. Qe1 Nd7 14. Bxg7 Kxg7 15. Kh1 Nc5 16. Qe3 Nxb3 17. axb3 Qc5 18. Qd3 Rac8 19. Rad1 b5 1/2-1/2

[Event "Randers zt-A"]
[Site "Randers"]
[Date "1982.??.??"]
[Round "7"]
[White "Olafsson, Helgi"]
[Black "Kagan, Shimon"]
[Result "1-0"]
[WhiteElo "2430"]
[BlackElo "2425"]
[PlyCount "109"]
[EventDate "1982.01.??"]
[Source "ChessBase"]

1. e4 c5 2. Nf3 Nc6 3. d4 cxd4 4. Nxd4 Nf6 5. Nc3 g6 6. Bc4 Qa5 7. O-O Bg7 8. Be3 O-O 9. Bb3 d6 10. h3 Bd7 11. Re1 Rac8 12. Qe2 Rfe8 13. Rad1 Nxd4 14. Bxd4 Bc6 15. Qe3 Nd7 16. Nd5 Bxd5 17. exd5 Nc5 18. Bxg7 Kxg7 19. Qd4+ Kg8 20. Re2 b5 21. c3 Rc7 22. Rde1 Nxb3 23. axb3 Qb6 24. Qf4 Qb7 25. Rd2 Rc5 26. h4 Qa8 27. Qf3 h5 28. b4 Rc4 29. Rde2 Kf8 30. g3 a5 31. Ra1 a4 32. b3 Rc7 33. bxa4 bxa4 34. Rea2 Qc8 35. Rxa4 Rxc3 36. Qf4 Kg7 37. Ra8 Rc1+ 38. Rxc1 Qxa8 39. Qd4+ f6 40. b5 Qa3 41. Rc7 Qa5 42. b6 Kf7 43. Kg2 f5 44. Kh2 Qe1 45. b7 Rb8 46. Kg2 Qe4+ 47. Qxe4 fxe4 48. f3 Kf6 49. fxe4 e6 50. dxe6 Kxe6 51. Kf3 Ke5 52. Ke3 d5 53. exd5 Kxd5 54. Kf4 Kd6 55. Rg7 1-0

[Event "NY"]
[Site "New York, NY USA"]
[Date "1994.??.??"]
[Round "?"]
[White "Garcia, Gildardo"]
[Black "Sammour-Hasbun, Jorge E"]
[Result "1-0"]
[WhiteElo "2540"]
[BlackElo "2290"]
[PlyCount "50"]
[EventDate "1994.??.??"]
[Source "www.chesslib.no"]
[SourceDate "2004.05.04"]

1. e4 c5 2. Nf3 d6 3. d4 cxd4 4. Nxd4 Nf6 5. Nc3 g6 6. Bc4 Bg7 7. Be3 O-O 8. h3 Nc6 9. O-O Bd7 10. Bb3 Qa5 11. f4 Qh5 12. Nf3 b5 13. a3 a5 14. Qd3 a4 15. Bd5 e6 16. Ba2 Na7 17. f5 exf5 18. e5 Qg4 19. Bg5 Ne4 20. Qxb5 Nxc3 21. Rfc1 Be6 22. Qb6 dxe5 23. Nd2 f4 24. Qc7 Bf5 25. b3 Rab8 1-0

[Event "Netanya Open"]
[Site "Netanya ISR"]
[Date "1987.??.??"]
[Round "7"]
[White "Maus, Soenke"]
[Black "Schoen, Wolfram"]
[Result "1/2-1/2"]
[WhiteElo "2385"]
[BlackElo "2440"]
[PlyCount "71"]
[EventDate "1987.??.??"]
[Source "www.chesslib.no"]
[SourceDate "2004.05.04"]

1. e4 c5 2. Nf3 d6 3. d4 cxd4 4. Nxd4 Nf6 5. Nc3 g6 6. Be3 Bg7 7. h3 Nc6 8. Bc4 O-O 9. Bb3 Bd7 10. O-O Qa5 11. Re1 Rfe8 12. Qe2 Rac8 13. Rad1 a6 14. Nf3 h6 15. Nd5 Nxd5 16. exd5 Ne5 17. Nxe5 Bxe5 18. Bd4 Bxd4 19. Rxd4 e5 20. dxe6 Bxe6 21. Re4 Bd7 22. Qf3 Qxe1+ 23. Rxe1 Rxe1+ 24. Kh2 Be6 25. Qxb7 Rf8 26. Qxa6 Bxb3 27. axb3 Rd8 28. Qb6 Ree8 29. c4 d5 30. c5 d4 31. c6 d3 32. c7 Rc8 33. Qd6 d2 34. b4 Rxc7 35. Qxd2 h5 36. Kg3 1/2-1/2

[Event "New York op"]
[Site "New York"]
[Date "1994.??.??"]
[Round "4"]
[White "Garcia, Gildardo"]
[Black "Sammour Hasbun, Jorge E"]
[Result "1-0"]
[WhiteElo "2520"]
[BlackElo "2290"]
[PlyCount "50"]
[EventDate "1994.03.??"]
[Source "ChessBase"]

1. e4 c5 2. Nf3 d6 3. d4 cxd4 4. Nxd4 Nf6 5. Nc3 g6 6. Bc4 Bg7 7. Be3 O-O 8. h3 Nc6 9. O-O Bd7 10. Bb3 Qa5 11. f4 Qh5 12. Nf3 b5 13. a3 a5 14. Qd3 a4 15. Bd5 e6 16. Bxc6 Bxc6 17. Nd4 Bb7 18. f5 gxf5 19. exf5 e5 20. Ndxb5 d5 21. Bc5 Rfc8 22. Be7 d4 23. Bxf6 Bxf6 24. Ne4 Bh4 25. Nbd6 Ba6 1-0

[Event "Travemunde op"]
[Site "?"]
[Date "2001.??.??"]
[Round "5"]
[White "Kupreichik Viktor D"]
[Black "Glienke Manfred"]
[Result "1-0"]
[WhiteElo "2453"]
[BlackElo "2348"]
[PlyCount "47"]
[EventDate "2001.??.??"]
[Source "www.chesslib.no"]
[SourceDate "2004.05.04"]

1. e4 c5 2. Ne2 Nc6 3. Nbc3 g6 4. d4 cxd4 5. Nxd4 Bg7 6. Be3 Nf6 7. Bc4 O-O 8. Bb3 Ng4 9. Qxg4 Nxd4 10. Qh4 d6 11. O-O Be6 12. Bg5 Re8 13. Nd5 Bxd5 14. Bxd5 Nxc2 15. Rad1 Nb4 16. Bb3 Nc6 17. Rd3 Ne5 18. Rh3 h5 19. f4 Ng4 20. f5 Qb6+ 21. Kh1 e6 22. f6 Bh6 23. Bxh6 Nxh6 24. Qg5 1-0

[Event "Corr"]
[Site "?"]
[Date "2003.01.31"]
[Round "?"]
[White "Brodda Wolfgang (GER)"]
[Black "Unen Hans van (NED)"]
[Result "1/2-1/2"]
[WhiteElo "2411"]
[BlackElo "2374"]
[PlyCount "86"]
[EventDate "2003.??.??"]
[Source "www.chesslib.no"]
[SourceDate "2004.05.04"]

1. Nc3 c5 2. e4 Nc6 3. Nge2 g6 4. d4 cxd4 5. Nxd4 Bg7 6. Be3 Nf6 7. Bc4 Qa5 8. O-O O-O 9. Bb3 d6 10. Nd5 Nxd5 11. exd5 Nxd4 12. Bxd4 e5 13. dxe6 Bxe6 14. Bxg7 Kxg7 15. Bxe6 fxe6 16. Qxd6 Rac8 17. Qd7+ Kh8 18. Qxb7 Rxc2 19. Qe7 Qc5 20. Qxc5 Rxc5 21. Rfc1 Rfc8 22. Rxc5 Rxc5 23. b4 Rc2 24. b5 Kg7 25. a4 Rb2 26. Kf1 Kf6 27. Ra3 Rb4 28. Ke2 Ke5 29. Re3+ Kd5 30. Rd3+ Ke5 31. Rd7 Rxa4 32. Rxh7 g5 33. Kf3 Kf5 34. Rf7+ Kg6 35. Rc7 a6 36. b6 Rf4+ 37. Ke3 Rb4 38. Rb7 a5 39. Kd3 a4 40. Kc3 Rb1 41. Kd4 a3 42. Ra7 Rxb6 43. Rxa3 Rb2 1/2-1/2

[Event "Manresa Open"]
[Site "Manresa"]
[Date "1995.??.??"]
[Round "8"]
[White "Garcia Gil, Javier"]
[Black "Gonell Aparici, Ramon"]
[Result "1-0"]
[WhiteElo "2540"]
[BlackElo "2220"]
[PlyCount "65"]
[EventDate "1995.??.??"]
[Source "www.chesslib.no"]
[SourceDate "2004.05.04"]

1. e4 c5 2. Nc3 d6 3. Nge2 g6 4. d4 cxd4 5. Nxd4 Nf6 6. Bc4 Bg7 7. h3 O-O 8. O-O Nc6 9. Be3 Bd7 10. Bb3 Qa5 11. f4 Nxd4 12. Bxd4 Bc6 13. Nd5 Nxd5 14. exd5 Bxd4+ 15. Qxd4 Bd7 16. Rae1 Rae8 17. Kh1 Qc5 18. Qd2 Bb5 19. Rf3 Bc4 20. f5 Bxb3 21. Rxb3 Qc8 22. Rf3 f6 23. fxg6 hxg6 24. Qh6 Rf7 25. Qxg6+ Rg7 26. Qd3 Rf8 27. Rg3 Rff7 28. Re4 f5 29. Rc4 Qd7 30. Rxg7+ Rxg7 31. Rf4 Rf7 32. Qg3+ Rg7 33. Qf2 1-0

[Event "Ch Russia"]
[Site "Briansk RUS"]
[Date "1984.??.??"]
[Round "?"]
[White "Zhelnin, Vladimir V"]
[Black "Petrushin, Alexander I"]
[Result "1/2-1/2"]
[WhiteElo "2335"]
[BlackElo "2405"]
[PlyCount "56"]
[EventDate "1984.??.??"]
[Source "www.chesslib.no"]
[SourceDate "2004.05.04"]

1. e4 c5 2. Nc3 Nc6 3. Nge2 g6 4. d4 cxd4 5. Nxd4 Bg7 6. Be3 Nf6 7. Bc4 O-O 8. Bb3 a5 9. f3 d5 10. exd5 Nb4 11. Nde2 a4 12. Nxa4 Nfxd5 13. Bf2 b5 14. Nb6 Nxb6 15. Qxd8 Rxd8 16. Bxb6 Rd7 17. Nc3 Ra6 18. Be3 Bxc3+ 19. bxc3 Nd5 20. Bd4 b4 21. cxb4 Nxb4 22. Bb2 Nxc2+ 23. Bxc2 Re6+ 24. Be4 f5 25. O-O fxe4 26. fxe4 Rxe4 27. Rf2 Ba6 28. a4 Rxa4 1/2-1/2

[Event "JUG Ch"]
[Site "Kladovo"]
[Date "1992.??.??"]
[Round "4"]
[White "Jevtic, Miodrag"]
[Black "Dabetic, Radojica"]
[Result "1/2-1/2"]
[WhiteElo "2380"]
[BlackElo "2300"]
[PlyCount "86"]
[EventDate "1992.12.??"]
[Source "www.chesslib.no"]
[SourceDate "2004.05.04"]

1. e4 c5 2. Nf3 d6 3. d4 cxd4 4. Nxd4 Nf6 5. Nc3 g6 6. Bc4 Bg7 7. h3 O-O 8. Bb3 Nc6 9. Be3 Bd7 10. O-O Rc8 11. Re1 Qa5 12. Nd5 Rfe8 13. Bd2 Qc5 14. Nf3 Nxd5 15. exd5 Ne5 16. Nxe5 Bxe5 17. Be3 Qa5 18. Bd4 Bf6 19. c3 b5 20. Qd2 Qc7 21. a4 a5 22. Bxf6 exf6 23. Rxe8+ Bxe8 24. axb5 Bxb5 25. c4 a4 26. cxb5 axb3 27. Qd4 Qc5 28. Qxc5 Rxc5 29. b6 Rb5 30. Ra6 Kg7 31. b7 Rxb7 32. Rxd6 Rb5 33. g4 Kf8 34. Rxf6 Rxd5 35. Rf3 Rb5 36. Re3 h5 37. gxh5 gxh5 38. Kf1 Kg7 39. Ke2 Kg6 40. Rg3+ Kf6 41. Rf3+ Kg6 42. Kd2 Kg5 43. Kc3 Kh4 1/2-1/2

[Event "it"]
[Site "Subotica"]
[Date "2004.12.10"]
[Round "1"]
[White "Nadjhedjesi, Balind"]
[Black "Farkas, Tibor"]
[Result "0-1"]
[WhiteElo "2337"]
[BlackElo "2336"]
[PlyCount "112"]
[EventDate "2004.12.10"]
[Source "Roberto Alvarez"]
[SourceDate "2004.12.13"]

1. e4 c5 2. Nc3 g6 3. Nge2 Bg7 4. d4 cxd4 5. Nxd4 Nc6 6. Be3 Nf6 7. Bc4 O-O 8. Bb3 Qc7 9. f3 a6 10. Qd2 b5 11. O-O-O Bb7 12. g4 Na5 13. Bh6 Bxh6 14. Qxh6 Rac8 15. Kb1 Nxb3 16. axb3 b4 17. Nce2 d5 18. e5 Qxe5 19. Rhe1 Qc7 20. Rd2 Ne8 21. f4 Nf6 22. Ng3 Kh8 23. f5 Rg8 24. g5 Ne4 25. Nxe4 dxe4 26. Qh4 Qe5 27. f6 exf6 28. gxf6 g5 29. Qg4 Qxf6 30. Qd7 Ba8 31. Qh3 Rc7 32. Rf1 g4 33. Qg2 Qg5 34. Rf5 Qe3 35. Rf1 Rd7 36. Rfd1 Qg5 37. Qf1 Rgd8 38. Qc4 e3 39. Ne6 Rxd2 40. Nxg5 Rxd1+ 41. Ka2 R8d5 42. Qxb4 Kg7 43. Ne4 R5d4 44. Qc3 Bxe4 45. Qxe3 Rd5 46. b4 Bg6 47. Qc3+ f6 48. Qc7+ Rd7 49. Qc6 R1d6 50. Qc5 Rd2 51. c4 Rxh2 52. Qc6 Rdd2 53. Kb3 Rxb2+ 54. Kc3 Rbc2+ 55. Kd4 Rhd2+ 56. Ke3 Rd3+ 0-1

[Event "4. Gosa YU"]
[Site "4. Gosa Smederevska Palanka Y"]
[Date "1978.??.??"]
[Round "10"]
[White "Janosevic, Dragoljub"]
[Black "Ristic, Nenad"]
[Result "1/2-1/2"]
[WhiteElo "2455"]
[BlackElo "2200"]
[PlyCount "81"]
[EventDate "1978.??.??"]
[Source "www.chesslib.no"]
[SourceDate "2004.05.04"]

1. e4 c5 2. Nf3 d6 3. d4 cxd4 4. Nxd4 Nf6 5. Nc3 g6 6. Be3 Bg7 7. h3 Nc6 8. Bc4 O-O 9. Bb3 Qa5 10. O-O Bd7 11. f4 Qh5 12. f5 Qxd1 13. Raxd1 Nxd4 14. Bxd4 Bc6 15. Rde1 Nd7 16. Bxg7 Kxg7 17. Nd5 Bxd5 18. Bxd5 Rac8 19. Re2 Rc7 20. Kf2 b5 21. c3 a5 22. Ke3 Rc5 23. g4 e6 24. fxe6 fxe6 25. Rxf8 Nxf8 26. Bb3 a4 27. Bd1 a3 28. Kd3 axb2 29. Rxb2 Nd7 30. Be2 Re5 31. Kd2 Nf6 32. Rxb5 Nxe4+ 33. Kc2 Nc5 34. Bd3 Nxd3 35. Rb7+ Kf6 36. Kxd3 h5 37. Rb4 h4 38. Kd2 Ra5 39. a4 g5 40. Kc2 Re5 41. Kd2 1/2-1/2

[Event "Ch (Women) Bled SLO"]
[Site "?"]
[Date "2004.04.17"]
[Round "10.2"]
[White "Calzetta Monica"]
[Black "Hunt Harriet"]
[Result "1-0"]
[WhiteElo "2242"]
[BlackElo "2402"]
[PlyCount "47"]
[EventDate "2004.??.??"]
[Source "www.chesslib.no"]
[SourceDate "2004.05.04"]

1. e4 c5 2. Nc3 Nc6 3. Nge2 g6 4. d4 cxd4 5. Nxd4 Bg7 6. Be3 Nf6 7. Bc4 O-O 8. Bb3 Na5 9. e5 Nxb3 10. exf6 Nxa1 11. fxg7 Re8 12. O-O d6 13. Qxa1 e5 14. Ndb5 a6 15. Ne4 axb5 16. Bg5 f6 17. Nxf6+ Kf7 18. Qd1 h6 19. Nxe8 Qxe8 20. Bxh6 Qe6 21. f4 e4 22. f5 gxf5 23. Qh5+ Kg8 24. Rxf5 1-0

[Event "XXXIII Open"]
[Site "Sevilla ESP"]
[Date "2008.01.07"]
[Round "3"]
[White "Fernandez Romero, Ern"]
[Black "Barrantes Munoz, H."]
[Result "1/2-1/2"]
[WhiteElo "2462"]
[BlackElo "2180"]
[PlyCount "65"]
[EventDate "2008.01.05"]
[Source "www.chesslib.no"]
[SourceDate "2004.05.04"]

1. e4 c5 2. Nc3 g6 3. Nge2 Nc6 4. d4 cxd4 5. Nxd4 Bg7 6. Be3 Nf6 7. Bc4 O-O 8. Bb3 a5 9. O-O d6 10. f3 Nxd4 11. Bxd4 Bd7 12. a4 Bc6 13. Qd2 Nd7 14. Be3 Nc5 15. Bc4 Qb6 16. Bb5 Rfc8 17. Rab1 Qd8 18. Bd4 Bxd4+ 19. Qxd4 Qb6 20. Kh1 Nd7 21. Qd2 Qc5 22. f4 Bxb5 23. axb5 Nb6 24. f5 a4 25. Rf3 a3 26. fxg6 fxg6 27. e5 axb2 28. exd6 Ra1 29. dxe7 Qxe7 30. Rff1 Qe5 31. Qf2 Qxc3 32. Qxb6 Rxb1 33. Qe6+ 1/2-1/2

[Event "Kostic mem"]
[Site "?"]
[Date "1977.??.??"]
[Round "14"]
[White "Janosevic Dragoljub"]
[Black "Nikolin Dusan"]
[Result "1-0"]
[WhiteElo "2435"]
[BlackElo "2200"]
[PlyCount "67"]
[EventDate "1977.??.??"]
[Source "www.chesslib.no"]
[SourceDate "2004.05.04"]

1. e4 c5 2. Nf3 d6 3. d4 cxd4 4. Nxd4 Nf6 5. Nc3 g6 6. Be3 Bg7 7. h3 Nc6 8. Bc4 O-O 9. Bb3 Qa5 10. O-O Bd7 11. f4 Rac8 12. Qf3 Nxd4 13. Bxd4 e5 14. Be3 exf4 15. Bxf4 Be6 16. Rad1 Bxb3 17. axb3 Ne8 18. b4 Qh5 19. Qxh5 gxh5 20. Bg5 f6 21. Be3 a6 22. Rf2 Rc4 23. Rd4 Rxd4 24. Bxd4 f5 25. Bxg7 Nxg7 26. Nd5 Rf7 27. exf5 h6 28. g4 Kh7 29. Re2 hxg4 30. hxg4 h5 31. f6 hxg4 32. fxg7 Rxg7 33. Re6 Kg8 34. Rxd6 1-0

[Event "HUN-chT2 9596"]
[Site "HUN"]
[Date "1995.??.??"]
[Round "6"]
[White "Veroci, Zsuzsa"]
[Black "Parkanyi, Attila"]
[Result "1/2-1/2"]
[WhiteElo "2305"]
[BlackElo "2325"]
[PlyCount "29"]
[EventDate "1995.??.??"]
[Source "www.chesslib.no"]
[SourceDate "2004.05.04"]

1. e4 c5 2. Nf3 d6 3. d4 cxd4 4. Nxd4 Nf6 5. Nc3 g6 6. Bc4 Bg7 7. h3 O-O 8. Bb3 Nc6 9. Be3 Qa5 10. O-O Bd7 11. Re1 Rac8 12. f4 Rfe8 13. Nf3 Red8 14. Qd3 Be8 15. Nd4 1/2-1/2

[Event "Andorra la Vella"]
[Site "?"]
[Date "2003.07.05"]
[Round "2.24"]
[White "Andres Gonzalez Alberto"]
[Black "Pham Guerrero Sergi"]
[Result "1-0"]
[WhiteElo "2412"]
[BlackElo "2183"]
[PlyCount "69"]
[EventDate "2003.??.??"]
[Source "www.chesslib.no"]
[SourceDate "2004.05.04"]

1. e4 c5 2. Nc3 Nc6 3. Nge2 g6 4. d4 cxd4 5. Nxd4 Bg7 6. Be3 d6 7. Bc4 Nf6 8. h3 O-O 9. Bb3 Qa5 10. O-O Bd7 11. f4 Rac8 12. Nf3 Qh5 13. Qe1 b5 14. Rd1 b4 15. Nd5 Nxe4 16. Ng5 Nf6 17. Nxb4 Nxb4 18. Qxb4 h6 19. Nf3 a5 20. Qa3 Bb5 21. Rfe1 a4 22. Bxa4 Ra8 23. b3 Nd5 24. Bd4 Bxa4 25. bxa4 Nxf4 26. Rxe7 Bxd4+ 27. Rxd4 Nxh3+ 28. gxh3 Qxh3 29. Re2 g5 30. Qd3 Rab8 31. Rg2 Rb1+ 32. Kf2 Re8 33. Nxg5 Qxd3 34. Ne4+ Kf8 35. cxd3 1-0